000 00681pam a2200229 a 4500
001 1004507
005 20171226075532.0
008 870402s1987 enk b 001 0 eng
010 _a 87009625
020 _a0312009577 (St. Martin's) :
_c$25.00 (est.)
020 _z0745003257
040 _aDLC
_cDLC
_dDLC
041 _aeng
080 _a361.61 TIN
082 0 0 _a361.61 TIN
_219
100 1 _a17
101 _aHIS
245 1 0 _aWarfare and welfare :
_cJan Tinbergen, Dietrich Fischer.
504 _aIncludes bibliographies and index.
906 _a7
_bcbc
_corignew
_d1
_eocip
_f19
_gy-gencatlg
942 _2ddc
_cBK
999 _c39413
_d39413